[Event "msr2018"]
[Site "?"]
[Date "2018.04.21"]
[Round "1.14"]
[White "Sobek, Michal"]
[Black "Bucko, Samuel"]
[Result "1-0"]
[BlackElo "1483"]
[WhiteElo "2022"]
[LiveChessVersion "1.4.8"]

1. e4 {[%clk 1:30:58]} e5 {[%clk 1:30:53]} 2. Nf3 {[%clk 1:31:19]} Nf6
{[%clk 1:31:16]} 3. Nxe5 {[%clk 1:31:39]} d6 {[%clk 1:31:35]} 4. Nf3
{[%clk 1:32:01]} Nxe4 {[%clk 1:31:57]} 5. d4 {[%clk 1:32:19]} d5 {[%clk 1:32:19]}
6. Bd3 {[%clk 1:32:40]} Bd6 {[%clk 1:32:40]} 7. O-O {[%clk 1:32:27]} O-O
{[%clk 1:32:57]} 8. Re1 {[%clk 1:32:41]} Re8 {[%clk 1:33:14]} 9. c4
{[%clk 1:32:41]} c6 {[%clk 1:33:34]} 10. Nc3 {[%clk 1:32:16]} Bf5
{[%clk 1:30:29]} 11. Qc2 {[%clk 1:27:54]} Nxc3 {[%clk 1:21:33]} 12. Bxf5
{[%clk 1:27:45]} Rxe1+ {[%clk 1:18:54]} 13. Nxe1 {[%clk 1:28:03]} Qe7
{[%clk 1:15:47]} 14. Qxc3 {[%clk 1:27:45]} Bb4 {[%clk 1:15:42]} 15. Qe3
{[%clk 1:27:25]} Na6 {[%clk 1:13:19]} 16. Qxe7 {[%clk 1:27:28]} Bxe7
{[%clk 1:13:40]} 17. cxd5 {[%clk 1:27:42]} cxd5 {[%clk 1:12:50]} 18. Bf4
{[%clk 1:27:26]} Re8 {[%clk 1:12:14]} 19. Nf3 {[%clk 1:27:16]} Bf6
{[%clk 1:10:46]} 20. Be5 {[%clk 1:27:20]} Bxe5 {[%clk 1:10:42]} 21. Nxe5
{[%clk 1:27:44]} f6 {[%clk 1:09:24]} 22. Nf3 {[%clk 1:27:39]} Nc7
{[%clk 1:09:21]} 23. Rc1 {[%clk 1:27:28]} Ne6 {[%clk 1:09:42]} 24. Re1
{[%clk 1:26:12]} Kf7 {[%clk 1:09:32]} 25. Bxe6+ {[%clk 1:26:30]} Rxe6
{[%clk 1:09:52]} 26. Rxe6 {[%clk 1:26:53]} Kxe6 {[%clk 1:10:18]} 27. Kf1
{[%clk 1:27:08]} Kf5 {[%clk 1:09:58]} 28. Nd2 {[%clk 1:27:23]} b6
{[%clk 1:09:34]} 29. Ke2 {[%clk 1:27:46]} h5 {[%clk 1:09:41]} 30. Kf3
{[%clk 1:27:28]} g5 {[%clk 1:09:55]} 31. h3 {[%clk 1:27:34]} g4+ {[%clk 1:09:31]}
32. hxg4+ {[%clk 1:27:32]} hxg4+ {[%clk 1:09:55]} 33. Kg3 {[%clk 1:27:48]} Kg5
{[%clk 1:10:11]} 34. f3 {[%clk 1:27:47]} f5 {[%clk 1:10:18]} 35. fxg4
{[%clk 1:28:09]} fxg4 36. Nb1 {[%clk 1:28:35]} a6 {[%clk 1:10:41]} 37. Nc3
{[%clk 1:29:00]} b5 {[%clk 1:10:41]} 38. Nxd5 {[%clk 1:29:24]} 1-0

[Event "msr2018"]
[Site "?"]
[Date "2018.04.21"]
[Round "1.15"]
[White "Kossuth, Tomas"]
[Black "Gyerpal, Adrian"]
[Result "0-1"]
[BlackElo "1976"]
[WhiteElo "1441"]
[LiveChessVersion "1.4.8"]

1. e4 {[%clk 1:30:58]} c5 {[%clk 1:30:51]} 2. Nf3 {[%clk 1:31:22]} Nc6
{[%clk 1:31:13]} 3. d4 {[%clk 1:31:34]} cxd4 {[%clk 1:31:33]} 4. Nxd4
{[%clk 1:31:57]} g6 {[%clk 1:31:54]} 5. Be2 {[%clk 1:31:35]} Bg7 {[%clk 1:31:36]}
6. Be3 {[%clk 1:31:46]} Nf6 {[%clk 1:30:50]} 7. Nc3 {[%clk 1:31:49]} O-O
{[%clk 1:30:32]} 8. O-O {[%clk 1:31:48]} d5 {[%clk 1:29:14]} 9. exd5
{[%clk 1:31:13]} Nxd5 {[%clk 1:29:37]} 10. Nxd5 {[%clk 1:30:53]} Qxd5
{[%clk 1:30:05]} 11. Nxc6 {[%clk 1:31:15]} Qxc6 {[%clk 1:29:12]} 12. c3
{[%clk 1:30:41]} e5 {[%clk 1:22:26]} 13. Qb3 {[%clk 1:21:58]} Be6
{[%clk 1:17:00]} 14. Qb5 {[%clk 1:22:18]} Qc7 {[%clk 1:08:09]} 15. Qc5
{[%clk 1:20:52]} Qxc5 {[%clk 1:07:00]} 16. Bxc5 {[%clk 1:21:17]} Rfd8
{[%clk 1:06:19]} 17. Be3 {[%clk 1:18:41]} b6 {[%clk 1:02:07]} 18. a3
{[%clk 1:15:43]} f5 {[%clk 0:58:56]} 19. g3 {[%clk 1:13:40]} Bf6 {[%clk 0:53:16]}
20. Bd1 {[%clk 1:10:58]} Bc4 {[%clk 0:46:43]} 21. Re1 {[%clk 1:10:27]} g5
{[%clk 0:45:16]} 22. f4 {[%clk 1:09:56]} gxf4 {[%clk 0:45:15]} 23. gxf4
{[%clk 1:10:18]} Bh4 {[%clk 0:35:32]} 24. Bf2 {[%clk 1:09:17]} Bxf2+
{[%clk 0:34:37]} 25. Kxf2 {[%clk 1:09:42]} Rd2+ {[%clk 0:34:47]} 26. Kg3
{[%clk 1:06:09]} exf4+ {[%clk 0:28:15]} 27. Kxf4 {[%clk 1:05:48]} Rxb2
{[%clk 0:26:15]} 28. Kxf5 {[%clk 1:04:00]} Rf8+ {[%clk 0:23:53]} 29. Kg4
{[%clk 1:04:06]} Rxh2 {[%clk 0:23:37]} 30. Rg1 {[%clk 0:53:30]} Be6+
{[%clk 0:20:18]} 31. Kg3 {[%clk 0:51:32]} Rh3+ {[%clk 0:20:11]} 32. Kg2
{[%clk 0:51:53]} Kh8 {[%clk 0:18:09]} 33. Rc1 {[%clk 0:50:31]} Rg8+
{[%clk 0:16:12]} 34. Kf2 {[%clk 0:49:54]} Rh2+ {[%clk 0:16:30]} 35. Kf1
{[%clk 0:47:22]} Bh3+ {[%clk 0:16:52]} 36. Ke1 {[%clk 0:47:23]} Rxg1# 0-1

[Event "msr2018"]
[Site "?"]
[Date "2018.04.21"]
[Round "1.16"]
[White "Popovic, Martin"]
[Black "Sulgan, Igor"]
[Result "1/2-1/2"]
[BlackElo "1434"]
[WhiteElo "1897"]
[LiveChessVersion "1.4.8"]

1. e4 {[%clk 1:30:58]} d5 {[%clk 1:30:52]} 2. exd5 {[%clk 1:31:20]} Nf6
{[%clk 1:31:14]} 3. d4 {[%clk 1:30:29]} Nxd5 {[%clk 1:31:36]} 4. c4
{[%clk 1:27:42]} Nb6 {[%clk 1:31:11]} 5. h3 {[%clk 1:25:59]} Bf5 {[%clk 1:28:14]}
6. Nf3 {[%clk 1:21:49]} e6 {[%clk 1:25:58]} 7. Bd3 {[%clk 1:19:11]} Bxd3
{[%clk 1:25:05]} 8. Qxd3 {[%clk 1:19:15]} c5 {[%clk 1:20:23]} 9. O-O
{[%clk 1:09:45]} Nc6 {[%clk 1:18:10]} 10. Rd1 {[%clk 1:05:38]} Be7
{[%clk 1:12:23]} 11. Nc3 {[%clk 0:59:44]} O-O {[%clk 1:09:27]} 12. Bf4
{[%clk 0:57:57]} cxd4 {[%clk 0:58:53]} 13. Nxd4 {[%clk 0:57:14]} Qxd4
{[%clk 0:50:14]} 14. Qxd4 {[%clk 0:57:07]} Nxd4 {[%clk 0:50:35]} 15. Rxd4
{[%clk 0:57:36]} Bf6 {[%clk 0:38:30]} 16. Re4 {[%clk 0:56:58]} Bxc3
{[%clk 0:25:55]} 17. bxc3 {[%clk 0:57:28]} Rfd8 {[%clk 0:18:39]} 18. Bc7
{[%clk 0:53:33]} Rd2 {[%clk 0:17:40]} 19. Bxb6 {[%clk 0:52:28]} axb6
{[%clk 0:18:04]} 20. a4 {[%clk 0:52:19]} Kf8 {[%clk 0:15:16]} 21. Re5
{[%clk 0:48:10]} Rc2 {[%clk 0:08:57]} 22. Ra3 {[%clk 0:47:57]} Ke8
{[%clk 0:06:17]} 23. Rb5 {[%clk 0:46:42]} Ra6 {[%clk 0:06:15]} 24. c5
{[%clk 0:44:58]} bxc5 {[%clk 0:02:59]} 25. Rxb7 {[%clk 0:45:07]} Rd6
{[%clk 0:01:52]} 26. a5 {[%clk 0:35:47]} Rdd2 {[%clk 0:01:16]} 1/2-1/2

[Event "msr2018"]
[Site "?"]
[Date "2018.04.21"]
[Round "1.17"]
[White "Koska, Jiri"]
[Black "Kostolansky, Sebastian Lukas"]
[Result "0-1"]
[BlackElo "2213"]
[WhiteElo "1287"]
[LiveChessVersion "1.4.8"]

1. e4 {[%clk 1:30:59]} e6 {[%clk 1:30:52]} 2. d4 {[%clk 1:31:19]} d5
{[%clk 1:31:16]} 3. exd5 {[%clk 1:31:38]} exd5 {[%clk 1:31:39]} 4. Nc3
{[%clk 1:31:51]} Nf6 {[%clk 1:31:52]} 5. Nf3 {[%clk 1:32:06]} Be7
{[%clk 1:32:08]} 6. Be2 {[%clk 1:32:17]} O-O {[%clk 1:32:30]} 7. O-O
{[%clk 1:31:09]} b6 {[%clk 1:32:23]} 8. Re1 {[%clk 1:29:33]} Bb7 {[%clk 1:32:01]}
9. Bf4 {[%clk 1:27:49]} a6 {[%clk 1:28:30]} 10. Bd3 {[%clk 1:23:26]} Re8
{[%clk 1:27:20]} 11. a3 {[%clk 1:20:12]} Nbd7 {[%clk 1:26:38]} 12. Qd2
{[%clk 1:18:48]} c5 {[%clk 1:21:05]} 13. dxc5 {[%clk 1:17:36]} bxc5
{[%clk 1:18:57]} 14. Rad1 {[%clk 1:14:29]} Qb6 {[%clk 1:15:47]} 15. Rb1
{[%clk 1:12:38]} Rad8 {[%clk 1:14:26]} 16. Ne5 {[%clk 1:07:24]} Nxe5
{[%clk 0:35:30]} 17. Bxe5 {[%clk 1:06:40]} c4 {[%clk 0:35:37]} 18. Bf5
{[%clk 1:04:10]} g6 {[%clk 0:35:23]} 19. Bxf6 {[%clk 1:03:15]} Bxf6
{[%clk 0:35:39]} 20. Rxe8+ {[%clk 1:02:44]} Rxe8 {[%clk 0:36:04]} 21. Bg4
{[%clk 1:01:45]} d4 {[%clk 0:33:59]} 22. Na4 {[%clk 1:01:08]} Qb5
{[%clk 0:27:15]} 23. b3 {[%clk 0:59:38]} c3 {[%clk 0:24:11]} 24. Qf4
{[%clk 0:57:29]} Be5 {[%clk 0:23:15]} 25. Qc1 {[%clk 0:56:23]} Be4
{[%clk 0:16:06]} 26. f3 {[%clk 0:53:11]} Bxc2 {[%clk 0:14:21]} 27. Qxc2
{[%clk 0:52:52]} d3 {[%clk 0:14:47]} 28. Qc1 {[%clk 0:53:00]} Bd4+
{[%clk 0:14:07]} 29. Kh1 {[%clk 0:52:49]} d2 {[%clk 0:14:22]} 30. Qd1
{[%clk 0:52:28]} c2 {[%clk 0:14:46]} 0-1

[Event "msr2018"]
[Site "?"]
[Date "2018.04.21"]
[Round "1.18"]
[White "Krupa, Miroslav"]
[Black "Jurky, Marian"]
[Result "1-0"]
[BlackElo "1266"]
[WhiteElo "2002"]
[LiveChessVersion "1.4.8"]

1. d4 {[%clk 1:30:55]} d5 {[%clk 1:30:45]} 2. Bf4 {[%clk 1:31:21]} Nc6
{[%clk 1:30:25]} 3. e3 {[%clk 1:30:47]} Nf6 {[%clk 1:29:44]} 4. Nf3
{[%clk 1:28:37]} e6 {[%clk 1:28:16]} 5. Nbd2 {[%clk 1:28:17]} Be7
{[%clk 1:24:51]} 6. c3 {[%clk 1:28:35]} O-O {[%clk 1:23:40]} 7. Bd3
{[%clk 1:26:48]} Nh5 {[%clk 1:21:02]} 8. Bg3 {[%clk 1:24:57]} h6 {[%clk 1:17:42]}
9. Qe2 {[%clk 1:21:31]} a6 {[%clk 1:10:48]} 10. Bc2 {[%clk 1:16:11]} Nf6
{[%clk 1:04:41]} 11. Ne5 {[%clk 1:15:35]} Bd6 {[%clk 0:52:00]} 12. Qd3
{[%clk 1:12:31]} a5 {[%clk 0:46:52]} 13. Bh4 {[%clk 1:10:18]} g5 {[%clk 0:44:54]}
14. Bg3 {[%clk 1:09:44]} Kg7 {[%clk 0:39:09]} 15. h4 {[%clk 1:04:19]} Rh8
{[%clk 0:37:10]} 16. hxg5 {[%clk 0:59:53]} hxg5 {[%clk 0:36:13]} 17. O-O-O
{[%clk 1:00:11]} Bd7 {[%clk 0:34:38]} 18. Nxf7 {[%clk 0:58:58]} Kxf7
{[%clk 0:32:47]} 19. Qg6+ {[%clk 0:59:01]} Ke7 {[%clk 0:32:00]} 20. Qg7+
{[%clk 0:59:26]} Ke8 {[%clk 0:30:55]} 21. Rxh8+ {[%clk 0:59:51]} 1-0

[Event "msr2018"]
[Site "?"]
[Date "2018.04.21"]
[Round "1.20"]
[White "Salgovic, Simon"]
[Black "Adamec, Maros"]
[Result "1-0"]
[BlackElo "1243"]
[WhiteElo "1789"]
[LiveChessVersion "1.4.8"]

1. e4 {[%clk 1:30:56]} e5 {[%clk 1:30:53]} 2. Nf3 {[%clk 1:31:23]} Nc6
{[%clk 1:31:14]} 3. d4 {[%clk 1:31:49]} exd4 {[%clk 1:31:24]} 4. Bc4
{[%clk 1:32:13]} Bb4+ {[%clk 1:31:34]} 5. c3 {[%clk 1:32:37]} dxc3
{[%clk 1:31:44]} 6. bxc3 {[%clk 1:32:21]} Bc5 {[%clk 1:31:23]} 7. Bxf7+
{[%clk 1:32:42]} Kf8 {[%clk 1:31:08]} 8. Bxg8 Rxg8 {[%clk 1:31:00]} 9. Qd5
{[%clk 1:31:46]} Be7 {[%clk 1:30:17]} 10. O-O {[%clk 1:30:07]} h6
{[%clk 1:30:22]} 11. e5 {[%clk 1:29:41]} d6 {[%clk 1:27:51]} 12. e6
{[%clk 1:28:04]} Bf6 {[%clk 1:27:50]} 13. Nd4 {[%clk 1:27:20]} Nxd4
{[%clk 1:27:08]} 14. cxd4 {[%clk 1:26:54]} Bxe6 {[%clk 1:25:57]} 15. Qxe6
{[%clk 1:24:42]} Bxd4 {[%clk 1:25:49]} 16. Nc3 {[%clk 1:18:49]} Bxc3
{[%clk 1:25:48]} 17. Rb1 {[%clk 1:15:48]} b6 {[%clk 1:24:45]} 18. Rb3
{[%clk 1:16:13]} Bf6 {[%clk 1:23:36]} 19. Rf3 {[%clk 1:15:59]} Qe7
{[%clk 1:23:27]} 20. Qf5 {[%clk 1:15:26]} Kf7 {[%clk 1:22:02]} 21. Re3
{[%clk 1:11:55]} Qd8 {[%clk 1:20:50]} 22. Qh5+ {[%clk 1:07:24]} Kf8
{[%clk 1:19:13]} 23. Rfe1 {[%clk 1:06:54]} Qd7 {[%clk 1:16:38]} 24. Re6
{[%clk 1:06:16]} Rh8 {[%clk 1:15:55]} 25. Qf5 {[%clk 1:04:03]} Qf7
{[%clk 1:14:19]} 26. Qd5 {[%clk 1:00:08]} Rb8 {[%clk 1:14:05]} 27. Ba3
{[%clk 0:59:50]} Rd8 {[%clk 1:13:37]} 28. R1e3 {[%clk 0:53:50]} h5
{[%clk 1:09:19]} 29. Qb7 {[%clk 0:44:02]} Kg8 {[%clk 1:08:51]} 30. Qd5
{[%clk 0:42:50]} Kf8 {[%clk 1:08:19]} 31. Qf5 {[%clk 0:41:02]} Rh6
{[%clk 1:08:02]} 32. Qe4 {[%clk 0:36:45]} g5 {[%clk 1:01:47]} 33. Bb2
{[%clk 0:34:49]} g4 {[%clk 0:54:57]} 34. Qf4 {[%clk 0:30:02]} Kg8
{[%clk 0:47:54]} 35. Qxh6 {[%clk 0:21:12]} Bxb2 {[%clk 0:48:07]} 36. Qg5+ 1-0

[Event "msr2018"]
[Site "?"]
[Date "2018.04.21"]
[Round "1.21"]
[White "Piroska, Samuel"]
[Black "Musaev, Matej Elbek"]
[Result "1/2-1/2"]
[BlackElo "1723"]
[WhiteElo "1232"]
[LiveChessVersion "1.4.8"]

1. e4 {[%clk 1:30:53]} c5 {[%clk 1:30:47]} 2. Nf3 {[%clk 1:30:57]} d6
{[%clk 1:31:09]} 3. d4 {[%clk 1:30:57]} cxd4 {[%clk 1:31:32]} 4. Nxd4
{[%clk 1:30:51]} Nf6 {[%clk 1:31:45]} 5. Nc3 {[%clk 1:30:40]} a6 {[%clk 1:32:08]}
6. Bg5 {[%clk 1:26:55]} e6 {[%clk 1:32:00]} 7. f4 {[%clk 1:25:45]} Be7
{[%clk 1:31:27]} 8. Qd2 {[%clk 1:21:19]} h6 {[%clk 1:31:03]} 9. Bxf6
{[%clk 1:20:17]} Bxf6 {[%clk 1:31:08]} 10. O-O-O {[%clk 1:20:17]} Qc7
{[%clk 1:23:23]} 11. h3 {[%clk 1:12:41]} O-O {[%clk 1:20:01]} 12. g4
{[%clk 1:12:24]} Nc6 {[%clk 1:18:25]} 13. Nf3 {[%clk 1:12:04]} Rd8
{[%clk 1:15:29]} 14. h4 {[%clk 1:07:54]} Nb4 {[%clk 1:12:07]} 15. Kb1
{[%clk 0:58:53]} Qa5 {[%clk 1:09:21]} 16. Bc4 {[%clk 0:53:06]} b5
{[%clk 1:08:28]} 17. Bb3 {[%clk 0:52:55]} Bb7 {[%clk 1:07:05]} 18. Rhe1
{[%clk 0:50:35]} Rac8 {[%clk 1:06:22]} 19. g5 {[%clk 0:44:34]} Bxc3
{[%clk 1:05:58]} 20. bxc3 {[%clk 0:44:35]} Nc6 {[%clk 0:58:21]} 21. gxh6
{[%clk 0:43:48]} b4 {[%clk 0:50:59]} 22. c4 {[%clk 0:41:38]} Qh5 {[%clk 0:48:34]}
23. Qg2 {[%clk 0:36:20]} Qxh6 {[%clk 0:48:14]} 24. f5 {[%clk 0:34:31]} exf5
{[%clk 0:47:52]} 25. Ng5 {[%clk 0:24:36]} Ne5 {[%clk 0:46:43]} 26. Qg3
{[%clk 0:22:43]} fxe4 {[%clk 0:45:23]} 27. Nxe4 {[%clk 0:21:30]} Bxe4
{[%clk 0:43:32]} 28. Rxe4 {[%clk 0:21:32]} Qg6 {[%clk 0:43:00]} 29. Qf4
{[%clk 0:19:55]} Qh5 {[%clk 0:40:10]} 30. Rd5 {[%clk 0:19:11]} Qh6
{[%clk 0:39:50]} 31. Qxh6 {[%clk 0:17:57]} gxh6 {[%clk 0:40:07]} 32. c5
{[%clk 0:17:37]} Nc6 {[%clk 0:39:00]} 33. Rxd6 {[%clk 0:16:45]} Rxd6
{[%clk 0:38:39]} 34. cxd6 {[%clk 0:16:49]} Rd8 {[%clk 0:39:04]} 35. Ba4
{[%clk 0:15:54]} Rxd6 {[%clk 0:35:32]} 36. Bxc6 {[%clk 0:16:04]} Rxc6
{[%clk 0:35:56]} 37. Rxb4 {[%clk 0:16:21]} f5 {[%clk 0:36:10]} 38. Kb2
{[%clk 0:15:38]} Kg7 {[%clk 0:36:19]} 39. Rf4 {[%clk 0:11:49]} Kf6
{[%clk 0:36:29]} 40. Kb3 {[%clk 0:11:23]} Ke5 {[%clk 0:36:06]} 41. Rf1
{[%clk 0:11:18]} a5 {[%clk 0:36:13]} 42. Re1+ {[%clk 0:10:53]} Kf4
{[%clk 0:36:35]} 43. Rf1+ {[%clk 0:11:09]} Kg4 {[%clk 0:37:00]} 44. c4
{[%clk 0:11:00]} Rc5 {[%clk 0:37:22]} 45. Kc3 {[%clk 0:10:51]} f4
{[%clk 0:37:29]} 46. Kd3 {[%clk 0:11:03]} Kg3 {[%clk 0:37:38]} 47. Kd4
{[%clk 0:10:51]} Rc8 {[%clk 0:37:57]} 48. c5 {[%clk 0:10:09]} f3 {[%clk 0:38:21]}
49. Ke3 {[%clk 0:08:36]} Kg2 {[%clk 0:37:50]} 50. Rf2+ {[%clk 0:08:25]} Kg3
{[%clk 0:37:21]} 51. Rxf3+ {[%clk 0:08:41]} Kxh4 {[%clk 0:37:46]} 52. Kd4
{[%clk 0:08:25]} Kg4 {[%clk 0:38:12]} 53. Rc3 {[%clk 0:08:22]} h5
{[%clk 0:38:05]} 54. Kd5 {[%clk 0:08:27]} h4 {[%clk 0:38:19]} 55. Kd6
{[%clk 0:07:54]} h3 {[%clk 0:38:43]} 56. Rxh3 {[%clk 0:08:00]} Kxh3
{[%clk 0:39:01]} 57. c6 {[%clk 0:07:21]} Kg3 {[%clk 0:33:27]} 58. Kd7
{[%clk 0:05:59]} Rh8 {[%clk 0:33:43]} 59. c7 {[%clk 0:05:33]} Kf4
{[%clk 0:33:48]} 60. c8=Q {[%clk 0:05:25]} Rxc8 {[%clk 0:34:07]} 61. Kxc8
{[%clk 0:05:26]} Ke5 {[%clk 0:34:03]} 62. Kc7 {[%clk 0:04:53]} Kd5 63. Kb6
{[%clk 0:04:56]} a4 {[%clk 0:34:43]} 64. Kb5 {[%clk 0:05:18]} a3 {[%clk 0:35:04]}
65. Kb4 {[%clk 0:05:43]} Kc6 {[%clk 0:35:29]} 66. Kxa3 {[%clk 0:05:59]} Kb7
{[%clk 0:35:54]} 67. Kb4 {[%clk 0:05:59]} Ka8 {[%clk 0:36:17]} 68. a4
{[%clk 0:06:14]} Kb7 {[%clk 0:36:43]} 69. Kb5 {[%clk 0:06:31]} Ka8
{[%clk 0:37:07]} 70. a5 {[%clk 0:05:52]} Kb8 {[%clk 0:37:31]} 71. a6
{[%clk 0:05:29]} Ka7 {[%clk 0:37:56]} 72. Ka5 {[%clk 0:05:48]} Kb8
{[%clk 0:38:23]} 73. Kb6 {[%clk 0:06:03]} Ka8 {[%clk 0:38:49]} 74. a7
{[%clk 0:05:14]} 1/2-1/2

[Event "msr2018"]
[Site "?"]
[Date "2018.04.21"]
[Round "1.22"]
[White "Stevik, Patrik"]
[Black "Bulej, Matej"]
[Result "1/2-1/2"]
[BlackElo "1231"]
[WhiteElo "1713"]
[LiveChessVersion "1.4.8"]

1. e4 {[%clk 1:30:57]} e5 {[%clk 1:30:51]} 2. Nf3 {[%clk 1:31:21]} Nc6
{[%clk 1:31:10]} 3. Bb5 {[%clk 1:31:49]} Bc5 {[%clk 1:30:57]} 4. O-O
{[%clk 1:31:42]} d6 {[%clk 1:31:17]} 5. h3 {[%clk 1:31:28]} Nf6 {[%clk 1:31:28]}
6. Re1 {[%clk 1:31:56]} O-O {[%clk 1:31:23]} 7. c3 {[%clk 1:32:15]} h6
{[%clk 1:31:05]} 8. d4 {[%clk 1:32:09]} exd4 {[%clk 1:30:44]} 9. cxd4
{[%clk 1:32:34]} Bb6 {[%clk 1:29:22]} 10. Nc3 {[%clk 1:32:10]} Bd7
{[%clk 1:29:04]} 11. Bf4 {[%clk 1:29:18]} Na5 {[%clk 1:24:09]} 12. Bxd7
{[%clk 1:28:15]} Qxd7 {[%clk 1:23:32]} 13. Qc2 {[%clk 1:26:33]} Nc6
{[%clk 1:20:41]} 14. Rad1 {[%clk 1:26:33]} d5 {[%clk 1:17:14]} 15. Ne5
{[%clk 1:24:13]} Qe6 {[%clk 1:08:07]} 16. exd5 {[%clk 1:22:52]} Nxd5
{[%clk 1:06:46]} 17. Nxd5 {[%clk 1:19:30]} Qxd5 {[%clk 1:07:00]} 18. Nxc6
{[%clk 1:18:40]} Qxc6 {[%clk 1:06:54]} 19. Qxc6 {[%clk 1:16:51]} bxc6
{[%clk 1:05:32]} 20. Re7 {[%clk 1:16:49]} Rfd8 {[%clk 1:03:44]} 21. Bxc7
{[%clk 1:16:28]} Rxd4 {[%clk 1:03:58]} 22. Rxd4 {[%clk 1:16:46]} Bxd4
{[%clk 1:04:04]} 23. b3 {[%clk 1:16:39]} Bb6 {[%clk 1:01:20]} 24. a4
{[%clk 1:16:11]} Kf8 {[%clk 1:00:22]} 25. Bd6 {[%clk 1:15:28]} Rd8
{[%clk 0:58:52]} 26. Rd7+ {[%clk 1:12:58]} Ke8 {[%clk 0:58:50]} 27. Rxd8+
{[%clk 1:12:46]} Kxd8 {[%clk 0:58:21]} 28. Kf1 {[%clk 1:13:06]} Kd7
{[%clk 0:58:29]} 29. Be5 {[%clk 1:13:28]} g6 {[%clk 0:58:37]} 30. Ke2
{[%clk 1:13:34]} Ke6 {[%clk 0:58:59]} 31. Bc3 {[%clk 1:13:58]} Kd5
{[%clk 0:59:08]} 32. f3 {[%clk 1:14:12]} Ke6 {[%clk 0:51:31]} 33. Kd3
{[%clk 1:14:02]} Kd5 {[%clk 0:51:31]} 34. g4 {[%clk 1:13:27]} f5 {[%clk 0:49:17]}
35. Bd2 {[%clk 1:11:05]} h5 {[%clk 0:47:46]} 36. a5 {[%clk 1:07:14]} Bg1
{[%clk 0:46:02]} 37. Kc3 {[%clk 1:05:06]} hxg4 {[%clk 0:44:14]} 38. hxg4
{[%clk 1:05:01]} fxg4 {[%clk 0:44:25]} 39. fxg4 {[%clk 1:05:21]} Kc5
{[%clk 0:40:56]} 40. b4+ {[%clk 1:04:55]} Kd5 {[%clk 0:40:29]} 41. Kd3
{[%clk 1:04:26]} a6 {[%clk 0:39:57]} 42. Bg5 {[%clk 1:03:54]} c5 {[%clk 0:36:06]}
43. bxc5 {[%clk 1:04:09]} Bxc5 {[%clk 0:35:48]} 44. Bd8 {[%clk 1:04:13]} Bb4
{[%clk 0:34:26]} 45. Ke3 {[%clk 1:04:05]} Kc5 {[%clk 0:32:55]} 46. Kf4
{[%clk 1:02:52]} Bd2+ {[%clk 0:32:42]} 47. Ke5 {[%clk 1:03:03]} Kb5
{[%clk 0:33:00]} 48. Kf6 {[%clk 1:03:17]} g5 {[%clk 0:33:07]} 49. Kf5
{[%clk 1:03:32]} Bxa5 {[%clk 0:32:31]} 50. Bxa5 {[%clk 1:01:32]} Kxa5
{[%clk 0:32:53]} 51. Kxg5 {[%clk 1:01:59]} Kb5 {[%clk 0:32:48]} 52. Kf5
{[%clk 1:02:17]} a5 {[%clk 0:33:06]} 53. g5 {[%clk 1:02:43]} a4 {[%clk 0:33:31]}
54. g6 {[%clk 1:03:03]} a3 {[%clk 0:33:52]} 55. g7 {[%clk 1:03:31]} a2
{[%clk 0:33:55]} 56. g8=Q {[%clk 1:03:57]} a1=Q {[%clk 0:34:10]} 57. Qb8+
{[%clk 1:04:10]} Kc5 {[%clk 0:34:21]} 58. Qc7+ {[%clk 1:04:28]} Kb5 1/2-1/2

[Event "msr2018"]
[Site "?"]
[Date "2018.04.21"]
[Round "1.23"]
[White "Ondo, Daniel"]
[Black "Lovcican, Tomas"]
[Result "0-1"]
[BlackElo "1660"]
[WhiteElo "1213"]
[LiveChessVersion "1.4.8"]

1. e4 {[%clk 1:30:49]} c5 {[%clk 1:30:50]} 2. Nc3 {[%clk 1:30:19]} Nc6
{[%clk 1:31:08]} 3. Nf3 {[%clk 1:30:12]} g6 {[%clk 1:29:59]} 4. Bc4
{[%clk 1:29:10]} d6 {[%clk 1:28:16]} 5. d3 {[%clk 1:27:16]} Nf6 {[%clk 1:27:47]}
6. O-O {[%clk 1:26:35]} Bg7 {[%clk 1:27:55]} 7. Be3 {[%clk 1:25:33]} Bg4
{[%clk 1:27:49]} 8. Bg5 {[%clk 1:24:05]} O-O {[%clk 1:25:36]} 9. Nd5
{[%clk 1:17:11]} Nxd5 {[%clk 1:24:23]} 10. exd5 {[%clk 1:17:24]} Ne5
{[%clk 1:23:38]} 11. Re1 {[%clk 1:15:38]} Qd7 {[%clk 1:19:16]} 12. Nxe5
{[%clk 1:13:21]} Bxe5 {[%clk 1:18:49]} 13. Qd2 {[%clk 1:13:15]} Qc7
{[%clk 1:07:20]} 14. f4 {[%clk 1:11:04]} Bd4+ {[%clk 1:06:39]} 15. Kh1
{[%clk 1:11:30]} Rfe8 {[%clk 1:05:09]} 16. c3 {[%clk 1:08:30]} Bg7
{[%clk 1:04:46]} 17. h3 {[%clk 1:08:04]} Bf5 {[%clk 1:04:23]} 18. Re2
{[%clk 1:06:55]} e5 {[%clk 0:53:07]} 19. dxe6 {[%clk 1:05:50]} Bxe6
{[%clk 0:53:17]} 20. Rae1 {[%clk 1:05:50]} Qd7 {[%clk 0:52:07]} 21. a4
{[%clk 1:04:56]} Bxc4 {[%clk 0:48:42]} 22. dxc4 {[%clk 1:05:05]} Rxe2
{[%clk 0:40:03]} 23. Rxe2 {[%clk 1:05:06]} Qxa4 {[%clk 0:40:04]} 24. Qxd6
{[%clk 1:05:14]} Qxc4 {[%clk 0:40:08]} 25. Rf2 {[%clk 1:01:29]} Re8
{[%clk 0:33:11]} 26. Bh4 {[%clk 0:59:45]} Qb5 {[%clk 0:27:21]} 27. Qd5
{[%clk 0:57:58]} Re2 {[%clk 0:21:00]} 28. Qf3 {[%clk 0:55:44]} Rxb2
{[%clk 0:19:50]} 29. Rxb2 {[%clk 0:54:11]} Qxb2 {[%clk 0:20:14]} 30. c4
{[%clk 0:53:48]} Bd4 {[%clk 0:18:58]} 31. Qg3 {[%clk 0:50:13]} Qc1+
{[%clk 0:19:08]} 32. Kh2 {[%clk 0:49:58]} Qg1# 0-1